Cypher = Cypher /

El segundo largometraje dirigido por Vincenzo Natali, cineasta nacido en Estados Unidos e identificado entre los espectadores mexicanos por su película canadiense El cubo (1997), transcurre en un futuro más o menos próximo a los inicios del siglo XXI y tiene como protagonista a un asalariado desenca...

Description complète

Enregistré dans:
Détails bibliographiques
Auteur principal: Natali, Vincenzo (realización)
Autres auteurs: King, Brian (guión) (guión), Rogers, Derek (fotógrafo) (fotógrafo), Kish, Bert (montaje) (montaje), Andrews, Michael (música) (música), Northam, Jeremy (actuación) (actuación), Liu, Lucy (actuación) (actuación), Bennett, Nigel (actuación) (actuación), Natali, Vincenzo (presentación) (presentación)
Format: Diapositive
Langue:anglais
Publié: EUA : Gaylord Films, 2002, c2002
Collection:(Manga Films ; 1060)
Sujets:
Tags: Ajouter un tag
Pas de tags, Soyez le premier à ajouter un tag!

MARC

LEADER 00000ngm^a2200000^a^4500
001 000273058
005 20250521000000.0
009 20260310111119.502
037 |a Acervo ITESO - Biblioteca 
041 |a ING 
082 |a 810.  |b NAT 
100 |a Natali, Vincenzo  |e (realización) 
245 1 0 |a Cypher =  |b Cypher /  |c Realización de V. Natali. 
264 4 |a EUA :  |b Gaylord Films,  |c 2002, c2002 
264 2 |a Barcelona, España :  |b Manga Films [distribución],  |c 2004, c2004 
300 |a 1 DVD región 2 PAL  |c (91 min.) 
336 |a imagen móvil bidimensional  |b tdi  |2 rdacontenido 
337 |a video  |b v  |2 rdamedio 
338 |a videodisco  |b vd  |2 rdasoporte 
440 1 |a (Manga Films ;  |v 1060) 
520 |a El segundo largometraje dirigido por Vincenzo Natali, cineasta nacido en Estados Unidos e identificado entre los espectadores mexicanos por su película canadiense El cubo (1997), transcurre en un futuro más o menos próximo a los inicios del siglo XXI y tiene como protagonista a un asalariado desencantado y confiado, quien deseoso de escapar de su rutinaria y literalmente gris vida en los suburbios, acepta un empleo como espía al servicio de una gran compañía de la industria de la computación. El ahora espía, que asume un nuevo nombre e identidad, es enviado a reuniones y convenciones del mundo empresarial estadounidense, en las que graba discursos y conferencias, pero sus fantasías de emocionantes aventuras no ocurrirán en la forma que él esperaba y el encuentro con una mujer, tan seductora como amenazante en sus misterios, le hará darse cuenta de que nada es lo que parece y menos sencillo es saber en quién confiar. Con una estructura narrativa fragmentada y un uso contrastado del color según sea la esfera donde se mueve el protagonista, confirma la inclinación de Natali hacia un cultivo casi minimalista del género de la ciencia-ficción. 
520 |a Suplementos y características especiales: 1) Presentación del director (13 seg.); 2) Entrevista con el director en el Festival Internacional de Cinema de Catalunya, en Sitges en 2002 (6 min.; en inglés, con subtítulos en español); 3) Entrevistas con los intérpretes protagonistas Jeremy Northam y Lucy Liu y con Vincenzo Natali (7 min.; en inglés, con doblaje simultáneo al español); 4) Escenas del rodaje (sin duración; en inglés, con doblaje simultáneo al español); 5) Avance (2 min.); 6-7) Pantallas de texto con ficha técnica y reparto de la película y 8) Pantallas de texto con filmografías abreviadas de Natali y de los intérpretes Northam, Liu, Nigel Bennett y David Hewlett. 
546 |a En inglés, con subtítulos opcionales: español 
546 |a Doblaje opcional: español 
649 |a XX 
650 |a Películas de Suspenso y Terror 
650 |a Películas de Ciencia-Ficción 
650 |a Cine Norteamericano -  |y 2000-2009 
650 |a Cine Norteamericano -  |y Siglo XXI 
650 |a Espías 
650 |a Espionaje en los Negocios 
650 |a Competencia Ilícita 
650 |a Seguridad Industrial 
650 |a Drogas 
650 |a Lavado de Cerebro 
650 |a Amnesia 
650 |a Memoria 
650 |a Identidad Personal 
700 |a King, Brian  |e (guión) 
700 |a Rogers, Derek  |e (fotógrafo) 
700 |a Kish, Bert  |e (montaje) 
700 |a Andrews, Michael  |e (música) 
700 |a Northam, Jeremy  |e (actuación) 
700 |a Liu, Lucy  |e (actuación) 
700 |a Bennett, Nigel  |e (actuación) 
700 |a Natali, Vincenzo  |e (presentación) 
910 |a Fondo General 
920 |a Audiovisuales - DVDs 
940 |a Películas 
905 |a 308 
901 |a 0500157284  |b IT2  |c DVR  |u 20250521 
902 |a https://opac.biblio.iteso.mx/vufind/Record/000273058